Spanisches Bier - Statistiken

Allgemein
  • Dieses Quiz wurde 26 mal gespielt
  • Das Durchschnittsergebnis liegt bei 2 aus 16
Antwortstatistiken
Hint Antwort % Korrekt
12 San Miguel
83%
13 Estrella Galicia
38%
14 Estrella Damm
29%
4 Cruzcampo
17%
5 Mahou
17%
2 Alhambra
13%
8 Moritz
13%
3 Dorada
8%
7 Ballut
4%
11 La Zaragozana
4%
6 Cerveza Gredos
0%
10 Damm Inedit
0%
16 Gran Reserva
0%
9 La Peregrina
0%
15 Voll-Damm Doble Malta
0%
1 Xibeca
0%
Keine übereinstimmenden Quizze gefunden
Verteilung der Resultate
Anzahl Personen mit jedem Resultat
Perzentil nach korrekt beantworteten Fragen
Ihre Resultats-Entwicklung
Sie haben dieses Quiz noch nicht gespielt